000 00505nam a2200181Ia 4500
003 OSt
005 20260131123910.0
008 210210b1935 xxu||||| |||| 00| 0 eng d
040 _cAL
041 _aKannada
082 _a853/148
100 _aDATTARAMA BENDRE
_971481
_dದತ್ತಾರಾಮ ಬೇಂದ್ರೆ.
245 _aHuchchatagalu
_bಹುಚ್ಚಾಟಗಳು
260 _aHubballi
_bSahitya Bhandara
_c1935
690 _aKannada Drama
_971482
906 _a019418
942 _2ddc
_cBK
999 _c143537
_d143537